|
|
|
|
| LEADER |
00738nam a2200253 a 4500 |
| 001 |
adlib96000001 |
| 003 |
ViArRB |
| 005 |
20151026132425.0 |
| 008 |
960221s1955 dcuabcdjdbkoqu001 0deng d |
| 020 |
|
|
|a 9788189973797
|
| 022 |
|
|
|
| 040 |
|
|
|a Adlib
|
| 082 |
|
|
|a 130.3
|
| 245 |
|
|
|a Spirituality bytes : a guide to understanding and managing the journey called life
|
| 250 |
|
|
|
| 260 |
|
|
|a New Delhi
|b Readworthy
|c 2009
|
| 300 |
|
|
|a xiv, 170p
|
| 500 |
|
|
|a
|
| 100 |
|
|
|a Vaidyanathan, P.V.
|
| 700 |
|
|
|
| 942 |
|
|
|c BK
|6 _
|
| 653 |
|
|
|a Spiritual life
|a Reincarnation
|a Metempsychosis
|
| 999 |
|
|
|c 48464
|d 48464
|
| 952 |
|
|
|0 0
|1 0
|4 0
|6 1303_VAI
|7 0
|9 61110
|a UL
|b UL
|d 2010-06-16
|l 9
|o 130.3 VAI
|p 00062150
|r 2015-02-16
|s 2014-08-11
|w 2010-06-16
|y BK
|